Responses for Show #8583 - Wednesday, February 23, 2022

Christine Whelchel game 1.
Fourth regular-play game to end in a Tiebreaker Round.

Contestants

[<< previous game]

Christine Whelchel, a piano teacher and church organist from Spring Hill, Tennessee

Patrick Byrnett, a school administrator from Alexandria, Virginia

Henry Rozycki, a physician and professor from Richmond, Virginia (whose 2-day cash winnings total $27,301)

[next game >>]

Jeopardy! Round responses

HIGHWAYS & BYWAYS
THERE'S AN ANIMAL IN THAT TITLE
BROOM SERVICE
MUSICAL STYLES & GENRES
PUTTING THE CARBS
BEFORE THE HORSE
(Ken: Each correct response there will begin with the letters H-O-R, but will come before the word "horse" in the dictionary.)
    $200 11
(Henry: What are [*] or lagos?)

lakes

Henry
    $200 8
Duckling

Christine
    $200 19
moss

Patrick
    $200 2
K-pop

Patrick
    $200 3
starch

Christine
    $200 14
horoscope

Christine
    $400 12
Wall Street

Christine
    $400 9
Jackal

Christine
    $400 20
The Sorcerer's Apprentice

Christine
    $400 4
grunge

Patrick
    $400 24
beer

Henry
    $400 15
horizon

Christine
    $600 27
St. Augustine

Christine
    $600 1
Pony

Christine
    $600 21
Brazil

Patrick
    $600 5
mariachi

Christine
    $600 28
(Henry: What are Nut Cheerios?)

Bunches of Oats

HenryChristine
    $600 16
horchata

Patrick
    $2,000 26
the Trans-Siberian Highway

Henry
    $800 10
Tiger

Henry
    $800 22
curling

Patrick
    $800 6
blues

Christine
    $800 29
(Patrick; What is pasta puttanesca?)

carbonara

PatrickChristine
    $800 17
horn-rimmed glasses

Christine
    $1000 25
Princes Street

Henry
    $1000 13
Rabbit

Henry
    $1000 23
jumping the broom

Christine
    $1000 7
bebop

Henry
    $1000 30
raisins

Triple Stumper
    $1000 18
horologists

Triple Stumper

Scores at the first commercial break (after clue 15):

Henry Patrick Christine
$3,000 $600 $3,800

Scores at the end of the Jeopardy! Round:

Henry Patrick Christine
$5,800 $2,000 $8,000

Double Jeopardy! Round responses

NOTABLE PEOPLE
SCIENCE
COUNTRY NICKNAMES
ARE YOU SMARTER THAN A 1905 5th GRADER?
CHILD ACTORS
FROM P TO Y
    $400 17
(Ken: Yes, who apparently had a healthy ego.)
[Chuckles]

Queen Victoria

Christine
    $400 8
bamboo

Henry
    $400 21
ice & fire

Christine
    $400 1
Russia

Christine
    $400 9
hearing

Christine
    $400 22
penitentiary

Christine
    $800 12
(Ken: [*], born in Florence, yeah.)

(Florence) Nightingale

Christine
    $800 7
(Patrick: What is the stratosphere?)

the ionosphere

HenryPatrick
    $800 14
the equator

Triple Stumper
    $800 2
(Christine: What is Alaska?)
...
(Ken: In 1905, I'm afraid it was [*], Christine.)

Texas

HenryChristine
    $800 30
E.T.

Patrick
    $800 23
the patriarchy

Patrick
    $3,000 13
Rosa Parks

Christine
    $1200 3
(Henry: Who is Goodall?)

(Mary) Leakey

HenryPatrick
    $1200 15
Great White

Christine
    $1200 4
the Pledge of Allegiance

Christine
    $1200 29
Young Sheldon

Patrick
    $1200 24
phrenology

Henry
    $1600 18
Herschel

Christine
    $1600 10
nitric acid

Henry
    $2,000 16
(Christine: What is... Bangladesh?)

Sri Lanka

Christine
    $1600 5
the Ottoman Empire

Henry
    $1600 28
The Andy Griffith Show

Patrick
    $1600 25
perfidy

Triple Stumper
    $2000 19
(Carl) Jung

Henry
    $2000 11
echinoderms

Christine
    $2000 20
Paraguay

Patrick
    $2000 6
(Ken: You would all do very well in a 1905 classroom.)

"The Gift of the Magi"

Christine
    $2000 27
Moonlight

Henry
    $2000 26
plenipotentiary

Henry

Scores at the end of the Double Jeopardy! Round:

Henry Patrick Christine
$17,000 $8,800 $19,000

[wagering suggestions for these scores]

Final Jeopardy! Round responses

PLAY CHARACTERS
(Ken: [To Patrick] Yes, from the original Broadway production, Death of a Salesman.)
PatrickWho is Willy Loman?
$8,800
HenryWho is Willy Loman Loman
$17,000
ChristineWho is Willy Loman?
$15,000
Willy Loman

Tiebreaker Round responses

FLOWERS
poppy

Christine

Final scores:

Henry Patrick Christine
$34,000 $17,600 $34,000
2nd place: $2,000 3rd place: $1,000 New champion: $34,000

Game dynamics:

Coryat scores:

Henry Patrick Christine
$15,800 $8,800 $19,200
16 R
(including 1 DD),
2 W
12 R,
2 W
27 R
(including 1 DD),
2 W
(including 1 DD)

Combined Coryat: $43,800

[game clues] [game scores] [suggest correction]

Game tape date: 2021-12-14
The J! Archive is created by fans, for fans. Scraping, republication, monetization, and malicious use prohibited; this site may use cookies and collect identifying information. See terms. The Jeopardy! game show and all elements thereof, including but not limited to copyright and trademark thereto, are the property of Jeopardy Productions, Inc. and are protected under law. This website is not affiliated with, sponsored by, or operated by Jeopardy Productions, Inc. Join the discussion at JBoard.tv.